EL BONAPARTISMO MEXICANO/

CONTENIDO: V.1 AUGE Y DECADENCIA.-- V.2 CRISIS Y PETROLEO

Guardado en:
Bibliografiske detaljer
Hovedforfatter: Aguilar Mora, Manuel (autor)
Format: Bog
Fag:
Tags: Tilføj Tag
Ingen Tags, Vær først til at tagge denne postø!

MARC

LEADER 00000nam^a2200000^a^4500
001 000224104
005 20250521000000.0
009 20260310104037.962
020 |a 968-6039-20-1 
035 |a 043149 
037 |a Acervo Xavier Clavigero 
082 |a 320. 972  |b AGU V. 
100 |a Aguilar Mora, Manuel  |e (autor) 
245 1 3 |a EL BONAPARTISMO MEXICANO/  |c MANUEL AGUILAR MORA 
264 |a México :  |b Juan Pablos,  |c 1982 
300 |a 2 V. 2ej. 
336 |a texto  |b txt  |2 rdacontenido 
337 |a sin mediación  |b n  |2 rdamedio 
338 |a volumen  |b nc  |2 rdasoporte 
520 |a CONTENIDO: V.1 AUGE Y DECADENCIA.-- V.2 CRISIS Y PETROLEO 
649 |a XX 
650 |a Política -  |z México -  |x Historia -  |y Siglo XX 
910 |a Fondo General 
920 |a Impresos - Libros 
930 |a Colección General 
905 |a 101 
901 |a 043149  |b IT1  |c ACC  |i 043149  |u 20250521 
901 |a 043129  |b IT1  |c ACC  |i 043129  |u 20250521 
902 |a https://opac.biblio.iteso.mx/vufind/Record/000224104